Vodopodgotovka i vodnyj režim kotlov na teplovych elektrostancijach : sbornik statej. Vyp. 5., Vodnyj režim kotlov i kontroľ kačestva para na teplovych elektrostancijach.
Uložené v:
| Médium: | Kniha |
|---|---|
| Jazyk: | Russian |
| Vydané: |
Moskva :
Gosenergoizdat,
1957.
|
| Fyzický popis: |
56 strán. |
| Tagy: |
Pridať tag
Žiadne tagy, Buďte prvý kto otaguje tento záznam!
|
Titul je dostupný aj v ... 

MARC
| LEADER | 00000nam a22000002i 4500 | ||
|---|---|---|---|
| 001 | 000698564 | ||
| 005 | 20230614100933.0 | ||
| 008 | 230614s1957 ru e 000 0 rus d | ||
| 020 | |c Kčs 3,40 |q (brožované) | ||
| 040 | |a SVKKK |b slo |c SVKKK |e rda | ||
| 245 | 0 | 0 | |a Vodopodgotovka i vodnyj režim kotlov na teplovych elektrostancijach : sbornik statej. Vyp. 5., Vodnyj režim kotlov i kontroľ kačestva para na teplovych elektrostancijach. |
| 264 | 1 | |a Moskva : |b Gosenergoizdat, |c 1957. | |
| 300 | |a 56 strán. | ||
| 336 | |a text |b txt |2 rdacontent | ||
| 337 | |a bez média |b n |2 rdamedia | ||
| 338 | |a zväzok |b nc |2 rdacarrier | ||
| 500 | |a Záznam revízie | ||
| 910 | |a svkkk | ||
| 998 | |a BK | ||
| 090 | |g SCKHL |k Sklad Pribinova 3. posch. |a V.20732 |i 2721012909 |s Vyradená | ||